[Event "Michigan Open Reserve"]
[Site "Cadillac, MI"]
[Date "1999.09.04"]
[Round "2"]
[White "Foord, Allan"]
[Black "Holladay, Jason"]
[Result "1-0"]
[WhiteElo "1503"]
[BlackElo "1289"]
[PlyCount "115"]
[EventDate "1999.09.03"]

1. e4 e5 2. Nf3 Nc6 3. Bb5 a6 4. Ba4 Nf6 5. O-O Bc5 6. Nc3 O-O 7. h3 d5 8. exd5
Nxd5 9. Bxc6 bxc6 10. Nxe5 Bd7 11. Nxd7 Qxd7 12. Ne4 Bb6 13. d4 Rfe8 14. Ng5
Nf6 15. c3 c5 16. Be3 c4 17. Qc2 Qd6 18. Rad1 h6 19. Nf3 Ne4 20. Ne5 f5 21.
Nxc4 Qf6 22. Nxb6 cxb6 23. d5 b5 24. Bd4 Qf7 25. Qb3 Rad8 26. Bb6 Rd7 27. c4
bxc4 28. Qxc4 Re5 29. Qxa6 Rexd5 30. Rxd5 Rxd5 31. Qc8+ Kh7 32. Rc1 Qf6 33. Be3
f4 34. Ba7 Qxb2 35. Qc2 Qxc2 36. Rxc2 g5 37. Bb8 Kg6 38. Re2 Kf5 39. g3 Rd7 40.
g4+ Kg6 41. Rxe4 Rd2 42. a4 f3 43. Kf1 Rd1+ 44. Re1 Rxe1+ 45. Kxe1 Kf6 46. a5
Ke6 47. a6 Kd7 48. a7 Ke6 49. a8=Q Kf6 50. Kd2 Ke6 51. Qc6+ Kf7 52. Qd6 h5 53.
Ke3 h4 54. Ke4 Kg7 55. Kf5 Kg8 56. Qe7 Kh8 57. Kg6 Kg8 58. Qg7# 1-0

[Event "Michigan Open Reserve"]
[Site "Cadillac, MI"]
[Date "1999.09.04"]
[Round "3"]
[White "Duweck, Mike"]
[Black "Schell, Ken"]
[Result "1/2-1/2"]
[WhiteElo "1439"]
[BlackElo "1658"]
[PlyCount "62"]
[EventDate "1999.09.03"]

1. d4 d5 2. c4 e6 3. Nc3 Nf6 4. Bg5 Nbd7 5. Nf3 c6 6. e3 Qa5 7. a3 Ne4 8. Qa4
Qxa4 9. Nxa4 Nxg5 10. Nxg5 Be7 11. Nf3 O-O 12. c5 b6 13. b4 b5 14. Nc3 a5 15.
Na2 Bf6 16. Be2 e5 17. O-O Re8 18. Rfe1 Nf8 19. dxe5 Bxe5 20. Nxe5 Rxe5 21. Bf3
Bf5 22. Nc3 a4 23. Ne2 Rae8 24. Nd4 Bd7 25. Rad1 f5 26. Kf1 Ne6 27. Nxe6 R5xe6
28. Rd4 Re5 29. g3 g5 30. h4 gxh4 31. Rxh4 R8e7 1/2-1/2

[Event "Michigan Open Reserve"]
[Site "Cadillac, MI"]
[Date "1999.09.04"]
[Round "2"]
[White "Duweck, Mike"]
[Black "Choate, Eric"]
[Result "1/2-1/2"]
[WhiteElo "1439"]
[BlackElo "1168"]
[PlyCount "116"]
[EventDate "1999.09.03"]

1. d4 d5 2. c4 c6 3. Nc3 Nf6 4. Nf3 Bf5 5. Bg5 Nbd7 6. e3 h6 7. Bh4 e6 8. Bd3
Bxd3 9. Qxd3 Be7 10. O-O O-O 11. e4 dxe4 12. Nxe4 Nxe4 13. Bxe7 Qxe7 14. Qxe4
Qb4 15. b3 Nf6 16. Qe5 Qe7 17. Rfe1 Rad8 18. h3 Qd6 19. Qxd6 Rxd6 20. Rad1 Rfd8
21. Re5 b6 22. b4 Nd7 23. Re4 f5 24. Re2 Kf7 25. Red2 Ke7 26. d5 cxd5 27. cxd5
Nf6 28. dxe6 Rxd2 29. Rxd2 Rxd2 30. Nxd2 Kxe6 31. f4 Nd5 32. a3 Nxf4 33. Kf2 g5
34. Nc4 Kd5 35. Ne3+ Ke4 36. Nc4 Nd3+ 37. Ke2 Ne5 38. Nd6+ Kf4 39. Nb5 a5 40.
bxa5 bxa5 41. a4 Kg3 42. Kf1 Nd3 43. Nd4 Kf4 44. Nb3 Nb2 45. Nxa5 Nxa4 46. Kf2
g4 47. g3+ Ke4 48. h4 Nc3 49. Nc4 Kd3 50. Ne5+ Ke4 51. Nf7 h5 52. Nd6+ Ke5 53.
Ne8 Ne4+ 54. Kg2 f4 55. gxf4+ Kxf4 56. Ng7 g3 57. Nxh5+ Kg4 58. Nxg3 Nxg3
1/2-1/2

[Event "Michigan Open Reserve"]
[Site "Cadillac, MI"]
[Date "1999.09.04"]
[Round "2"]
[White "Drysdale, Gilbert"]
[Black "Grzegorczyk, Ron"]
[Result "1-0"]
[WhiteElo "1795"]
[BlackElo "1500"]
[PlyCount "79"]
[EventDate "1999.09.03"]

1. c4 c5 2. Nf3 Nc6 3. Nc3 e5 4. e3 Nf6 5. d4 cxd4 6. exd4 exd4 7. Nxd4 Be7 8.
Ndb5 d6 9. Bf4 O-O 10. Be2 d5 11. cxd5 a6 12. Nc7 Bd6 13. Bxd6 Qxd6 14. Nxa8
Nb4 15. Nb6 Qxb6 16. a3 Nbxd5 17. Nxd5 Nxd5 18. Qxd5 Qxb2 19. Qa2 Qc3+ 20. Kf1
Be6 21. Qb1 Rc8 22. Bd3 g6 23. h4 Rd8 24. Be2 Bf5 25. Qc1 Qd4 26. h5 Bd3 27.
Bxd3 Qxd3+ 28. Kg1 Qd4 29. hxg6 fxg6 30. Rh3 Rf8 31. Rf3 Rxf3 32. gxf3 Qd5 33.
Qc8+ Kg7 34. Kg2 h5 35. Qc7+ Kh6 36. Qf4+ Kg7 37. Rc1 g5 38. Rc7+ Kg6 39. Qe4+
Qxe4 40. fxe4 1-0

[Event "Michigan Open Reserve"]
[Site "Cadillac, MI"]
[Date "1999.09.04"]
[Round "3"]
[White "Dorrington, Eldon"]
[Black "McCormick, Tim"]
[Result "1/2-1/2"]
[WhiteElo "1666"]
[BlackElo "1375"]
[PlyCount "144"]
[EventDate "1999.09.03"]

1. d4 Nf6 2. Bg5 e6 3. e4 Be7 4. Bxf6 gxf6 5. g3 e5 6. d5 d6 7. Nc3 f5 8. Qh5
fxe4 9. Nxe4 Nd7 10. O-O-O Nf6 11. Nxf6+ Bxf6 12. f4 Qd7 13. Bh3 Qe7 14. Bxc8
Rxc8 15. Nf3 O-O 16. fxe5 dxe5 17. Rhe1 Rce8 18. Re4 Kh8 19. Rde1 Qd6 20. Qf5
Rg8 21. Nxe5 Rxe5 22. Rxe5 Bxe5 23. Qxe5+ Qxe5 24. Rxe5 f6 25. Re7 Rg7 26. Re6
Rf7 27. Kd2 Kg7 28. Kd3 Rd7 29. Kc4 Kf7 30. Re2 a6 31. b4 f5 32. a4 h5 33. b5
axb5+ 34. axb5 b6 35. Kd4 Kf6 36. h4 Rg7 37. Re3 Rg4+ 38. Kd3 f4 39. gxf4 Rxh4
40. Re6+ Kf5 41. Re7 Rxf4 42. Rxc7 Ke5 43. c4 h4 44. Re7+ Kd6 45. Re6+ Kc7 46.
Rc6+ Kb7 47. Re6 Rf7 48. Ke3 Rh7 49. Kd3 h3 50. Re1 Kc7 51. Kc3 h2 52. Rh1 Kd6
53. Kb4 Rh4 54. Kc3 Kc5 55. Kd3 Rh3+ 56. Ke4 Kxc4 57. d6 Kxb5 58. Kd5 Rd3+ 59.
Ke6 Re3+ 60. Kd7 Rh3 61. Kc8 Rc3+ 62. Kd8 Rd3 63. d7 Kc6 64. Rc1+ Kd6 65. Kc8
Ke5 66. d8=Q Rxd8+ 67. Kxd8 Kf4 68. Kc7 b5 69. Kc6 b4 70. Kc5 b3 71. Kd4 Kg3
72. Rb1 Kg2 1/2-1/2

[Event "Michigan Open Reserve"]
[Site "Cadillac, MI"]
[Date "1999.09.04"]
[Round "1"]
[White "Dorrington, Eldon"]
[Black "Foord, Allan"]
[Result "1-0"]
[WhiteElo "1666"]
[BlackElo "1503"]
[PlyCount "109"]
[EventDate "1999.09.03"]

1. d4 Nf6 2. Nc3 d5 3. e4 dxe4 4. f3 exf3 5. Nxf3 Bg4 6. Bc4 e6 7. O-O Be7 8.
h3 Bh5 9. Bg5 Nbd7 10. d5 exd5 11. Nxd5 Nxd5 12. Qxd5 Nf6 13. Qxb7 O-O 14. Rad1
Qb8 15. Qxb8 Raxb8 16. Bxf6 Bxf6 17. b3 Rbd8 18. Rd3 Bg6 19. Rxd8 Rxd8 20. Rf2
Rd1+ 21. Kh2 Rc1 22. Re2 Kf8 23. Ne1 Bc3 24. Nd3 Bxd3 25. cxd3 Re1 26. Rxe1
Bxe1 27. g4 h6 28. Kg2 Ke7 29. Kf3 f6 30. Ke4 g6 31. Bg8 Kf8 32. Be6 Ke7 33.
Bd5 Bc3 34. d4 Bb4 35. Kd3 Ba5 36. Kc4 Kd6 37. Be4 g5 38. b4 Bb6 39. a4 c6 40.
Bf5 a5 41. b5 cxb5+ 42. axb5 Ba7 43. Bc2 Bb6 44. Kd3 Kd5 45. Bb3+ Kd6 46. Ke4
Bd8 47. Kf5 Be7 48. Kg6 Kc7 49. Kf7 Kd6 50. Ke8 f5 51. gxf5 Bf6 52. d5 Ke5 53.
b6 Kxf5 54. d6 h5 55. b7 1-0

[Event "Michigan Open Reserve"]
[Site "Cadillac, MI"]
[Date "1999.09.04"]
[Round "2"]
[White "Dickerson, Tom"]
[Black "Moore, Robert"]
[Result "0-1"]
[WhiteElo "1487"]
[BlackElo "1600"]
[PlyCount "60"]
[EventDate "1999.09.03"]

1. d4 Nf6 2. Nf3 d6 3. c4 g6 4. Nc3 Bg7 5. e3 O-O 6. Bd3 Nbd7 7. Qc2 c5 8. Bd2
cxd4 9. Nxd4 Nc5 10. O-O-O Nxd3+ 11. Qxd3 Ng4 12. Qe2 Ne5 13. h4 h5 14. f3 Qc7
15. b3 a6 16. g4 hxg4 17. f4 Nc6 18. Nxc6 Qxc6 19. Qd3 Qc5 20. Kb2 b5 21. Qd5
Qxd5 22. cxd5 b4 23. h5 bxc3+ 24. Bxc3 Bf5 25. Bxg7 Kxg7 26. h6+ Kh7 27. Kc3
Be4 28. Rh4 f5 29. b4 Rfc8+ 30. Kb3 Bc2+ 0-1

[Event "Michigan Open Reserve"]
[Site "Cadillac, MI"]
[Date "1999.09.04"]
[Round "3"]
[White "Crysler, Jerry"]
[Black "Barta, Roger"]
[Result "1-0"]
[WhiteElo "1345"]
[BlackElo "1649"]
[PlyCount "67"]
[EventDate "1999.09.03"]

1. g3 d5 2. Bg2 g6 3. c4 Nf6 4. cxd5 Nxd5 5. Nc3 e6 6. Nxd5 exd5 7. Qa4+ c6 8.
Qd4 f6 9. b3 Nd7 10. Bb2 Bc5 11. Qf4 Qe7 12. Nf3 O-O 13. O-O Bd6 14. Qe3 Ne5
15. d4 Nxf3+ 16. Qxf3 Bf5 17. Rae1 Rae8 18. a3 Bxa3 19. Bc3 Bc2 20. Bd2 Bb4 21.
Bc3 Bxb3 22. Bxb4 Qxb4 23. Rb1 Qxd4 24. Rxb3 b5 25. e3 Qb6 26. Rc1 a5 27. Qd1
Rd8 28. Rbc3 d4 29. Qb3+ Kg7 30. Rxc6 Qb8 31. exd4 Rxd4 32. Rc7+ Kh8 33. Rb7
Qd6 34. Rcc7 1-0

[Event "Michigan Open Reserve"]
[Site "Cadillac, MI"]
[Date "1999.09.04"]
[Round "2"]
[White "Cox, Nick"]
[Black "Haney, Mark"]
[Result "1-0"]
[WhiteElo "1015"]
[BlackElo "1478"]
[PlyCount "111"]
[EventDate "1999.09.03"]

1. e4 e5 2. Nf3 Nc6 3. d4 exd4 4. Bc4 Be7 5. O-O d6 6. c3 Bg4 7. Be2 Nf6 8.
Nxd4 Nxd4 9. cxd4 Bxe2 10. Qxe2 O-O 11. Nc3 Re8 12. Bf4 c6 13. Rad1 d5 14. e5
Nd7 15. Rfe1 Nf8 16. Qg4 Ne6 17. Be3 b5 18. a3 a5 19. Ne2 a4 20. Nf4 Nxf4 21.
Bxf4 Qc8 22. Qf3 Qe6 23. Rd3 b4 24. axb4 Bxb4 25. Rc1 Rec8 26. Bd2 Be7 27. Ra1
Rcb8 28. Bc3 Rb3 29. Qd1 Qc8 30. Rxa4 Rab8 31. Ra7 Kf8 32. Qh5 h6 33. Qe2 Qe6
34. Rd2 Bg5 35. Rc2 Qf5 36. Ra6 Qc8 37. Ra7 Be7 38. Qd3 g6 39. Qd2 Kg7 40. Rxe7
Qa6 41. h3 R8b7 42. Rxb7 Rxb7 43. Qf4 Qd3 44. Rd2 Qf5 45. Qxf5 gxf5 46. Re2 Re7
47. Bb4 Re6 48. g4 Kg6 49. Re3 f6 50. exf6 Rxe3 51. fxe3 Kxf6 52. Kf2 fxg4 53.
hxg4 Kg5 54. Kg3 h5 55. gxh5 Kxh5 56. Kf4 1-0

[Event "Michigan Open Reserve"]
[Site "Cadillac, MI"]
[Date "1999.09.04"]
[Round "3"]
[White "Cox, Daniel"]
[Black "Haney, Mark"]
[Result "0-1"]
[WhiteElo "802"]
[BlackElo "1478"]
[PlyCount "66"]
[EventDate "1999.09.03"]

1. e4 e5 2. Bc4 Nf6 3. Nf3 Nc6 4. Nc3 Be7 5. O-O O-O 6. Nd5 d6 7. Ng5 Na5 8.
Be2 Nxd5 9. exd5 Bxg5 10. b3 b6 11. Bb2 Nb7 12. c4 Nc5 13. d3 f5 14. d4 exd4
15. Bxd4 Bf6 16. Be3 Bxa1 17. Qxa1 Ne4 18. f3 Nf6 19. Bg5 Qe8 20. Bd3 Qe5 21.
Qc1 Qd4+ 22. Qe3 Qxe3+ 23. Bxe3 Bd7 24. Bf2 Rae8 25. h3 f4 26. Bc2 Re2 27. Bd3
Rxa2 28. Bb1 Rb2 29. Bd3 Rxb3 30. Bd4 Rxd3 31. Bf2 Ba4 32. Ra1 Rd1+ 33. Kh2
Rxa1 0-1

[Event "Michigan Open Reserve"]
[Site "Cadillac, MI"]
[Date "1999.09.04"]
[Round "3"]
[White "Councell, Keith"]
[Black "Aldrich, Justin"]
[Result "1/2-1/2"]
[WhiteElo "1256"]
[BlackElo "1503"]
[PlyCount "120"]
[EventDate "1999.09.03"]

1. e4 e5 2. Nf3 Nc6 3. d4 d6 4. dxe5 Nxe5 5. Nxe5 dxe5 6. Qxd8+ Kxd8 7. Bc4 f6
8. Be3 Bd7 9. O-O Bd6 10. Nc3 Ne7 11. Rad1 a6 12. Nd5 Bc6 13. Nb4 Bxe4 14. f3
Bg6 15. Bb3 Nf5 16. Bc5 b6 17. Bxd6 Nxd6 18. Bd5 Rc8 19. Nxa6 Bxc2 20. Rd2 Ba4
21. Bb7 Bb5 22. Bxc8 Bxf1 23. Kxf1 Kxc8 24. Rc2 Kb7 25. Nb4 Nf5 26. Rd2 Nd6 27.
Ke2 Re8 28. Rc2 Rd8 29. Nd3 e4 30. Nf4 exf3+ 31. Kxf3 Re8 32. Nh5 g6 33. Nf4
Re5 34. Kg4 Nf5 35. Rd2 Re3 36. Rd7 h5+ 37. Nxh5 Nh6+ 38. Kf4 Re2 39. Nxf6 Rxg2
40. Nd5 Rc2 41. Kg5 Nf5 42. Kxg6 Nh4+ 43. Kh5 Nf3 44. h4 Rc4 45. b3 Rxh4+ 46.
Kg6 Kc6 47. Rd8 Rd4 48. Ne7+ Kb7 49. Rxd4 Nxd4 50. Nd5 Kc6 51. Nc3 Nb5 52. Ne2
Kc5 53. Kf5 Kb4 54. Ke5 c5 55. Kd5 Na3 56. Kc6 b5 57. Kb6 Nc2 58. Nc1 Nd4 59.
Nd3+ Ka3 60. Kxc5 Kxa2 1/2-1/2

[Event "Michigan Open Reserve"]
[Site "Cadillac, MI"]
[Date "1999.09.04"]
[Round "3"]
[White "Choate, Eric"]
[Black "Mose, Greg"]
[Result "0-1"]
[WhiteElo "1168"]
[BlackElo "1563"]
[PlyCount "44"]
[EventDate "1999.09.03"]

1. e4 c5 2. Nf3 Nc6 3. Bb5 a6 4. Bxc6 bxc6 5. d3 d6 6. h3 e5 7. O-O Nf6 8. b3
Be7 9. Bb2 O-O 10. Nbd2 Nd7 11. c4 Bf6 12. Nh2 g6 13. Ng4 Bg7 14. f4 exf4 15.
Bxg7 Kxg7 16. Rxf4 h5 17. Ne3 Ne5 18. Qf1 Qg5 19. h4 Qg3 20. Rd1 Qxe3+ 21. Kh2
Ng4+ 22. Kh1 Qg3 0-1

[Event "Michigan Open Reserve"]
[Site "Cadillac, MI"]
[Date "1999.09.04"]
[Round "1"]
[White "Bohland, Jonathon"]
[Black "Goud, Satish"]
[Result "0-1"]
[WhiteElo "1157"]
[BlackElo "1581"]
[PlyCount "57"]
[EventDate "1999.09.03"]

1. d4 e6 2. e4 d5 3. e5 c5 4. c3 Nc6 5. Bd3 Qb6 6. Nf3 cxd4 7. Nxd4 Nxe5 8.
Bb5+ Bd7 9. Bxd7+ Nxd7 10. O-O Ngf6 11. b4 Bd6 12. Be3 Qd8 13. Re1 O-O 14. Nd2
Rc8 15. Rc1 Ne5 16. N2f3 Nc4 17. Bg5 h6 18. Bxf6 Qxf6 19. Nd2 Nxd2 20. Qxd2 Bf4
21. Qd3 Bxc1 22. Rxc1 Qf4 23. Re1 Qc7 24. Re3 Qc4 25. Qd2 Rc7 26. Rg3 Kh7 27.
Qc2+ Kh8 28. Nxe6 fxe6 29. Qg6 0-1

[Event "Michigan Open Reserve"]
[Site "Cadillac, MI"]
[Date "1999.09.04"]
[Round "1"]
[White "Barta, Roger"]
[Black "Mayer, Raymond"]
[Result "1-0"]
[WhiteElo "1649"]
[BlackElo "1345"]
[PlyCount "77"]
[EventDate "1999.09.03"]

1. e4 e5 2. Nf3 Nc6 3. d4 exd4 4. Nxd4 Nf6 5. Nc3 d6 6. Bg5 Be7 7. Bc4 Nxd4 8.
Qxd4 O-O 9. O-O-O a6 10. Rhe1 Be6 11. e5 Bxc4 12. exf6 Bxf6 13. Bxf6 Qxf6 14.
Qxc4 Qxf2 15. Qxc7 Qxg2 16. Qxd6 Qg5+ 17. Qd2 Qa5 18. Re7 Rad8 19. Rd7 Rb8 20.
Qd5 Qxd5 21. R1xd5 h6 22. Kd2 Rfe8 23. Na4 b5 24. Nc5 Ra8 25. R7d6 a5 26. Nb7
Kh7 27. Rd8 b4 28. Rxa8 Rxa8 29. Nxa5 Kg6 30. c4 bxc3+ 31. Kxc3 Kf6 32. Kd4 g6
33. a3 h5 34. b4 Rc8 35. Nc4 Re8 36. b5 Re2 37. b6 Re7 38. Nd6 Ke6 39. b7 1-0

[Event "Michigan Open Reserve"]
[Site "Cadillac, MI"]
[Date "1999.09.04"]
[Round "3"]
[White "Ballou, Max"]
[Black "Baker, David"]
[Result "0-1"]
[WhiteElo "927"]
[BlackElo "1515"]
[PlyCount "94"]
[EventDate "1999.09.03"]

1. e4 e5 2. Nc3 Nf6 3. f4 exf4 4. Bc4 Be7 5. e5 Ng8 6. d4 d6 7. Nf3 Bh4+ 8. Ke2
Bg4 9. Kf1 Nc6 10. Bxf4 Bxf3 11. Qxf3 dxe5 12. dxe5 Be7 13. Rd1 Qc8 14. Bg5
Nxe5 15. Qf4 Nxc4 16. Qxc4 Qf5+ 17. Bf4 Bd6 18. Ne2 O-O-O 19. Kf2 g5 20. Rd5
Qf6 21. Rxg5 Bxf4 22. Qxf4 Qxf4+ 23. Nxf4 Rd2+ 24. Ke3 Rxc2 25. Rb1 Nf6 26. Rf5
Ng4+ 27. Kd3 Rf2 28. Rxf7 Rd8+ 29. Ke4 Rdd2 30. Rc1 c6 31. Rxh7 Nf6+ 32. Ke5
Nxh7 33. h4 Kd7 34. g4 Rxb2 35. Rd1+ Rbd2 36. Rb1 b5 37. a4 Rb2 38. Rd1+ Rfd2
39. Ra1 b4 40. g5 Ke7 41. g6 Nf6 42. h5 Rh2 43. Kf5 Nxh5 44. Nxh5 Rxh5+ 45. Kf4
Kf6 46. Rg1 Kg7 47. a5 Rc2 0-1

[Event "Michigan Open Reserve"]
[Site "Cadillac, MI"]
[Date "1999.09.04"]
[Round "1"]
[White "Avery, Bill"]
[Black "James, Larry"]
[Result "0-1"]
[WhiteElo "1564"]
[BlackElo "1748"]
[PlyCount "124"]
[EventDate "1999.09.03"]

1. d4 Nf6 2. Nf3 d5 3. Bg5 e6 4. e3 c5 5. c3 Nc6 6. Bd3 Be7 7. Nbd2 Qb6 8. Qc2
h6 9. Bh4 Bd7 10. O-O cxd4 11. exd4 Rc8 12. Qb3 Qxb3 13. axb3 a6 14. Bg3 Nh5
15. Rae1 Nxg3 16. fxg3 O-O 17. b4 Na7 18. Ne5 Bb5 19. Bxb5 Nxb5 20. Nb3 Rc7 21.
Nc5 Bxc5 22. bxc5 Na7 23. b4 Nc6 24. Nd3 Na7 25. Ne5 Nb5 26. Rc1 Ra8 27. Rf4 f6
28. Nd3 a5 29. bxa5 Rxa5 30. c4 dxc4 31. Rxc4 b6 32. Rf1 bxc5 33. dxc5 Nd6 34.
Rc2 e5 35. Rfc1 Nb5 36. c6 Nd4 37. Rb2 Rb5 38. Rxb5 Nxb5 39. Nb4 Nd4 40. Kf2
Kf8 41. Ke3 Kf7 42. g4 Ke6 43. h4 h5 44. gxh5 Nf5+ 45. Ke4 Nxh4 46. Na6 Rc8 47.
c7 f5+ 48. Ke3 Nxg2+ 49. Kf2 Nf4 50. Rc6+ Ke7 51. h6 gxh6 52. Rxh6 Ne6 53. Rh7+
Kd6 54. Rf7 f4 55. Rf6 e4 56. Rf5 Ra8 57. Rf7 f3 58. Ke3 Re8 59. Rf6 Ke5 60.
Rxe6+ Kxe6 61. Kxe4 f2 62. Nc5+ Kd6+ 0-1

[Event "Michigan Open Reserve"]
[Site "Cadillac, MI"]
[Date "1999.09.04"]
[Round "2"]
[White "Aldrich, Justin"]
[Black "June, Brian"]
[Result "0-1"]
[WhiteElo "1503"]
[BlackElo "1700"]
[PlyCount "66"]
[EventDate "1999.09.03"]

1. e4 c5 2. Nf3 d6 3. Bb5+ Bd7 4. Bxd7+ Qxd7 5. O-O Nc6 6. c3 Nf6 7. Re1 g6 8.
d4 cxd4 9. cxd4 Bg7 10. Nc3 O-O 11. Bg5 h6 12. Be3 Rfd8 13. h3 Kh7 14. Rc1 e6
15. a3 a6 16. Na4 Qe7 17. d5 Ne5 18. Bb6 Nxf3+ 19. Qxf3 Rdc8 20. Bd4 Rxc1 21.
Rxc1 exd5 22. exd5 b5 23. Nc3 Rc8 24. Kf1 Ne4 25. Bxg7 Nd2+ 26. Kg1 Nxf3+ 27.
gxf3 Qg5+ 28. Kh2 Qxc1 29. Bd4 Qf4+ 30. Kg2 Qxd4 31. Kg3 Rxc3 32. bxc3 Qxd5 33.
Kg2 Qd3 0-1

[Event "Michigan Open Reserve"]
[Site "Cadillac, MI"]
[Date "1999.09.05"]
[Round "4"]
[White "Williams, Christopher"]
[Black "Swathell, Gary"]
[Result "0-1"]
[WhiteElo "763"]
[BlackElo "1551"]
[PlyCount "78"]
[EventDate "1999.09.03"]

1. e4 d6 2. Nf3 Nf6 3. e5 dxe5 4. Nxe5 Nbd7 5. Nf3 g6 6. Bc4 Bg7 7. Ng5 O-O 8.
O-O e6 9. Nc3 b6 10. d4 Bb7 11. Be3 Nd5 12. Nxd5 Bxd5 13. Bxd5 exd5 14. Qf3 Nf6
15. b3 c6 16. c4 dxc4 17. Qxc6 cxb3 18. axb3 Rc8 19. Qb7 Rc7 20. Qa6 Ng4 21.
Bf4 Rd7 22. Rac1 Rxd4 23. Be3 Nxe3 24. fxe3 Rd7 25. Nh3 Bh6 26. Rc8 Bxe3+ 27.
Nf2 Bxf2+ 28. Kxf2 Qh4+ 29. g3 Qd4+ 30. Kg2 Qe4+ 31. Rf3 Rd2+ 32. Kh3 Qe6+ 33.
g4 Qxc8 34. Qxa7 h5 35. Rg3 hxg4+ 36. Rxg4 Rd3+ 37. Kh4 Kg7 38. Qxb6 Rh8+ 39.
Kg5 Qf5# 0-1

[Event "Michigan Open Reserve"]
[Site "Cadillac, MI"]
[Date "1999.09.05"]
[Round "1"]
[White "Swathell, Gary"]
[Black "Lin, Alan"]
[Result "1/2-1/2"]
[WhiteElo "1551"]
[BlackElo "1018"]
[PlyCount "72"]
[EventDate "1999.09.03"]

1. c4 c5 2. Nc3 Nc6 3. Nf3 g6 4. g3 Bg7 5. Bg2 Nf6 6. O-O O-O 7. d4 cxd4 8.
Nxd4 Nxd4 9. Qxd4 d6 10. Qd1 Be6 11. b3 Ne8 12. Bb2 Qa5 13. Qc1 Rb8 14. Nd5
Bxd5 15. Bxd5 Nf6 16. Bg2 Rfc8 17. Qe3 Ng4 18. Qc1 b5 19. Bxg7 Kxg7 20. Qb2+
Nf6 21. cxb5 Qxb5 22. Rfc1 a5 23. Rxc8 Rxc8 24. e3 Qc5 25. Rb1 Qc2 26. h3 Qxb2
27. Rxb2 Rc1+ 28. Kh2 e6 29. Bf3 d5 30. Rd2 Rc3 31. Kg2 Nd7 32. Rd4 Rc2 33. Ra4
Ne5 34. Rxa5 Nxf3 35. Kxf3 Rb2 36. Rb5 Rxa2 1/2-1/2

[Event "Michigan Open Reserve"]
[Site "Cadillac, MI"]
[Date "1999.09.05"]
[Round "5"]
[White "Swathell, Gary"]
[Black "Crysler, Jerry"]
[Result "0-1"]
[WhiteElo "1551"]
[BlackElo "1345"]
[PlyCount "180"]
[EventDate "1999.09.03"]

1. c4 g6 2. Nc3 Bg7 3. d4 c5 4. d5 Bxc3+ 5. bxc3 f5 6. g3 d6 7. Bg2 Qa5 8. Qc2
Nd7 9. Nf3 h6 10. O-O Ndf6 11. Nd2 Bd7 12. a4 Qc7 13. e4 fxe4 14. Nxe4 Bf5 15.
Nxf6+ Nxf6 16. Qe2 O-O-O 17. a5 Kb8 18. a6 b6 19. Re1 Rde8 20. Be3 g5 21. f4 g4
22. Qa2 h5 23. Kf2 Be4 24. Bxe4 Nxe4+ 25. Kg2 h4 26. Qc2 h3+ 27. Kg1 Nf6 28. f5
Rh5 29. Rf1 Qc8 30. Rf4 Rf8 31. Bf2 Ne8 32. Re1 Qd7 33. Re6 Nc7 34. Rg6 Nxa6
35. Rgxg4 Rhxf5 36. Rxf5 Qxf5 37. Qxf5 Rxf5 38. Rg8+ Kb7 39. g4 Rf4 40. Bh4
Rxc4 41. Bxe7 Rxc3 42. g5 Rc2 43. Bxd6 Rg2+ 44. Kf1 b5 45. Rg7+ Kb6 46. Bg3 c4
47. d6 Rd2 48. Bf2+ Nc5 49. Rc7 Rxd6 50. Rxc5 Ka5 51. Ke2 a6 52. Be1+ Ka4 53.
Rf5 a5 54. Rf6 Rd5 55. Ra6 Rxg5 56. Rxa5+ Kb3 57. Kd1 c3 58. Ra1 Kb2 59. Bxc3+
Kxc3 60. Ra3+ Kb2 61. Rxh3 b4 62. Kd2 b3 63. Rh8 Rg2+ 64. Kd3 Rc2 65. h4 Kc1
66. Rg8 Rd2+ 67. Ke3 b2 68. Rc8+ Rc2 69. Rb8 Rc4 70. h5 b1=Q 71. Rxb1+ Kxb1 72.
Kf3 Kc2 73. Kg3 Kd3 74. Kh3 Ke3 75. Kg3 Rf4 76. h6 Ke4 77. h7 Rf8 78. Kg4 Rh8
79. Kg5 Rxh7 80. Kg6 Rd7 81. Kf6 Rd5 82. Ke6 Kd4 83. Kf6 Re5 84. Kg6 Kd5 85.
Kf6 Kd6 86. Kf7 Re6 87. Kg7 Ke7 88. Kg8 Kf6 89. Kf8 Re5 90. Kg8 Rh5 0-1

[Event "Michigan Open Reserve"]
[Site "Cadillac, MI"]
[Date "1999.09.05"]
[Round "3"]
[White "Swathell, Gary"]
[Black "Bohland, Jonathon"]
[Result "0-1"]
[WhiteElo "1551"]
[BlackElo "1157"]
[PlyCount "96"]
[EventDate "1999.09.03"]

1. c4 c5 2. Nc3 Nf6 3. Nf3 Nc6 4. g3 d6 5. Bg2 Bd7 6. O-O g6 7. d3 Bg7 8. Bg5
O-O 9. Qc1 Re8 10. Bh6 Bh8 11. Qd2 Qc8 12. Rab1 Bh3 13. Bg5 Bxg2 14. Kxg2 a6
15. Bxf6 Bxf6 16. Nd5 Qd8 17. Nxf6+ exf6 18. a3 b5 19. cxb5 axb5 20. e3 b4 21.
axb4 Nxb4 22. d4 f5 23. Rfc1 Qb6 24. dxc5 dxc5 25. Qc3 Rec8 26. Qc4 Qe6 27. Ng5
Qxc4 28. Rxc4 Ra2 29. Nf3 Nd3 30. Rc2 c4 31. Nd4 c3 32. bxc3 Rxc2 33. Nxc2 Rxc3
34. Nd4 Ne5 35. Rb2 Kg7 36. Ne2 Rc4 37. Nf4 g5 38. Ne2 h5 39. Nd4 Kg6 40. f4
gxf4 41. exf4 Nd3 42. Rb6+ f6 43. Rd6 h4 44. Rd5 hxg3 45. hxg3 Rb4 46. Nxf5
Rxf4 47. Nh4+ Rxh4 48. gxh4 Nf4+ 0-1

[Event "Michigan Open Reserve"]
[Site "Cadillac, MI"]
[Date "1999.09.05"]
[Round "1"]
[White "Seppala, Travis"]
[Black "Saulmon, Scott"]
[Result "0-1"]
[WhiteElo "907"]
[BlackElo "1528"]
[PlyCount "67"]
[EventDate "1999.09.03"]

1. e4 e6 2. d4 d5 3. e5 c5 4. Nf3 Nc6 5. Bg5 Qb6 6. b3 cxd4 7. Qd3 Bb4+ 8. c3
dxc3 9. Nxc3 d4 10. Bd2 dxc3 11. Bxc3 Bxc3+ 12. Qxc3 Qb4 13. Qxb4 Nxb4 14. Bb5+
Bd7 15. Bxd7+ Kxd7 16. O-O-O+ Kc7 17. Kb2 Ne7 18. Rd6 Rad8 19. Rc1+ Nec6 20.
Rcd1 Nd5 21. Rc1 Rxd6 22. exd6+ Kxd6 23. Ng5 f6 24. Nf7+ Ke7 25. Nxh8 Nf4 26.
Rd1 Nb4 27. Rd4 Nbd3+ 28. Kc3 Nc1 29. Rxf4 Ne2+ 30. Kd3 Nxf4+ 31. Ke3 Nxg2+ 32.
Kf3 Ne1+ 33. Ke2 Nc2 34. Kd2 0-1

[Event "Michigan Open Reserve"]
[Site "Cadillac, MI"]
[Date "1999.09.05"]
[Round "4"]
[White "Seppala, Travis"]
[Black "Oss, Terry"]
[Result "1-0"]
[WhiteElo "907"]
[BlackElo "858"]
[PlyCount "61"]
[EventDate "1999.09.03"]

1. e4 e6 2. d4 d5 3. e5 c5 4. Nf3 Nc6 5. Bb5 Bd7 6. Bg5 Qb6 7. Nc3 cxd4 8. Bxc6
Bxc6 9. Nxd4 Bd7 10. b3 Ne7 11. Be3 Qc7 12. Ndb5 Bxb5 13. Nxb5 Qxe5 14. O-O a6
15. Bd4 Qb8 16. Nc3 Nf5 17. Bb6 Be7 18. Rb1 Bd8 19. Bc5 Be7 20. b4 O-O 21. Qg4
Qc7 22. Bd4 Nxd4 23. Qxd4 Rac8 24. Rb3 b5 25. Rd1 Bd6 26. f4 Bxf4 27. Rd3 Bxh2+
28. Kh1 Bd6 29. Ne2 Qxc2 30. Rg3 Qxe2 31. Qxg7# 1-0

[Event "Michigan Open Reserve"]
[Site "Cadillac, MI"]
[Date "1999.09.05"]
[Round "5"]
[White "Schell, Ken"]
[Black "Saulmon, Scott"]
[Result "1/2-1/2"]
[WhiteElo "1658"]
[BlackElo "1528"]
[PlyCount "53"]
[EventDate "1999.09.03"]

1. e4 e6 2. d4 d5 3. e5 c5 4. c3 Nc6 5. Nf3 Bd7 6. Be2 Nge7 7. Bg5 Qb6 8. Bxe7
Nxe7 9. Qb3 Qxb3 10. axb3 cxd4 11. Nxd4 Ng6 12. Nf3 Nf4 13. Na3 Nxg2+ 14. Kf1
Nf4 15. Nd4 a6 16. Rg1 Ng6 17. Nf3 Rc8 18. b4 Be7 19. Nc2 O-O 20. Ncd4 f6 21.
exf6 Rxf6 22. Bd3 Nf4 23. Bc2 Rcf8 24. Ne5 Be8 25. Ng4 Nh3 26. Nxf6+ Bxf6 27.
Nxe6 1/2-1/2

[Event "Michigan Open Reserve"]
[Site "Cadillac, MI"]
[Date "1999.09.05"]
[Round "4"]
[White "Schell, Ken"]
[Black "Mayer, Raymond"]
[Result "1-0"]
[WhiteElo "1658"]
[BlackElo "1345"]
[PlyCount "71"]
[EventDate "1999.09.03"]

1. e4 e5 2. Nf3 Nc6 3. Bb5 a6 4. Ba4 Nf6 5. O-O d6 6. c3 Bg4 7. d4 b5 8. Bc2
Be7 9. Bg5 O-O 10. Re1 Nh5 11. Bxe7 Qxe7 12. d5 Nb8 13. h3 Bd7 14. Nbd2 c6 15.
dxc6 Bxc6 16. Nf1 Nd7 17. Ne3 g6 18. Nd5 Qd8 19. Qd2 Kg7 20. Rad1 Nb6 21. Nxb6
Qxb6 22. Qxd6 Rfe8 23. Nxe5 Rad8 24. Qxc6 Qxc6 25. Nxc6 Rc8 26. Rd6 Nf4 27. e5
Ne6 28. Nd4 b4 29. Nxe6+ fxe6 30. Bb3 bxc3 31. bxc3 Rxc3 32. Rxa6 Rc5 33. Rxe6
Rec8 34. Rd6 R5c7 35. e6 Kf8 36. Rd7 1-0